| 000 | 00925nam a22003137a 4500 | ||
|---|---|---|---|
| 003 | CHAP | ||
| 005 | 20220329133320.0 | ||
| 008 | 971013s1991 r 00010 d | ||
| 010 | _a4805 | ||
| 011 | _a5777 | ||
| 035 | _a4993 | ||
| 040 | _cCHAP | ||
| 090 | _aFolleto 13234 | ||
| 100 | 0 | 0 |
_aStaut, Luiz Alberto. _9109542 |
| 245 | _aTrigo irrigado BR42-Nambiguara | ||
| 260 |
_aBrasilia : _bEmpresa Brasileira de Pesquisa Agropecuaria, _c1991 |
||
| 300 | _a2 p. | ||
| 500 | _a54-188 | ||
| 590 |
_aBATCH-UPD _b10 _c20130110 _lUCH01 _h1409 |
||
| 590 |
_aBATCH-UPD _b10 _c20130410 _lUCH01 _h0856 |
||
| 590 |
_aBATCH-UPD _b10 _c20130914 _lUCH01 _h2033 |
||
| 590 |
_aCONVERSION _b10 _c20130109 _lUCH01 _h1304 |
||
| 650 | 1 | 4 |
_aTrigo _xBrasil. _9114988 |
| 650 | 1 | 4 |
_aTrigo _xIrrigación. _9115050 |
| 650 | 1 | 4 |
_aTrigo _xVariedades. _9115119 |
| 901 | _aBK | ||
| 942 | _cFOLL | ||
| 949 |
_aFolleto 13234 _bBC _cFOLL _d-14559 _eTS1 _i4993 _mD _si |
||
| 999 |
_c4805 _d4805 |
||